ბათუმის შოთა რუსთაველის სახელმწიფო უნივერსიტეტის ბიბლიოთეკა

აზიისა და აფრიკის ქვეყნების ისტორია. ნაკვ. 1 : 1945-1968. (ბიბ.ჩანაწერი № 56345)

000 -LEADER
fixed length control field 00858nam a2200181Ia 4500
001 - CONTROL NUMBER
control field 23458
003 - CONTROL NUMBER IDENTIFIER
control field GE_BSU
008 - FIXED-LENGTH DATA ELEMENTS--GENERAL INFORMATION
fixed length control field 181216s||||||||xx |||||||||||||| ||und||
040 ## - CATALOGING SOURCE
Transcribing agency GE_BSU
080 ## - UNIVERSAL DECIMAL CLASSIFICATION NUMBER
Universal Decimal Classification number 94(5) + 94(6)
100 ## - MAIN ENTRY--PERSONAL NAME
Personal name დონაძე, ვარლამი., მენთეშაშვილი, ალბერტი., ცინცაძე, იოსები
245 ## - TITLE STATEMENT
Title აზიისა და აფრიკის ქვეყნების ისტორია. ნაკვ. 1 : 1945-1968.
260 ## - PUBLICATION, DISTRIBUTION, ETC.
Place of publication, distribution, etc. თბილისი
260 ## - PUBLICATION, DISTRIBUTION, ETC.
Date of publication, distribution, etc. 1970.
653 ## - INDEX TERM--UNCONTROLLED
Uncontrolled term აზიის ქვეყნების ისტორია; აფრიკის ქვეყნების ისტორია
653 ## - INDEX TERM--UNCONTROLLED
Uncontrolled term აზიისა და აფრიკის ქვეყნების ისტორია.
942 ## - ADDED ENTRY ELEMENTS (KOHA)
Koha item type წიგნი

არაა ხელმისაწვდომი ეგზემპლარები.